000 00936nam a22002651u 4500
001 05757
003 HDC
007 cr bn ---
008 210121p xx fo d 00 engg
040 _aHDC
100 _aHJ YOSREE IKHSAN
_96066
245 0 _aSIJIL HALAL MALAYSIA DI NEGERI JOHOR:
_bISU TERKINI DAN CABARAN BAGI MEMBANGUNKAN INDUSTRI HALAL /
_cby HJ YOSREE IKHSAN
260 _a[No place] :
_b[publisher not identified]
_c2010
300 _a75 pages :
_bIllustrations
336 _atext
_2rdacontent
337 _acomputer
_2rdamedia
338 _aonline resource
_2rdacarrier
650 _aHalal certification
_9753
650 _aHalal industry
_9144
650 _aHalal logo
_91692
856 _zRequest full-text at [email protected]
942 _2lcc
942 _cSLIDE
942 _kSLID 000595
999 _c3081
_d3081